International business: (Record no. 14535)

MARC details
000 -LEADER
fixed length control field 00628nam a22001937a 4500
003 - CONTROL NUMBER IDENTIFIER
control field URS
005 - DATE AND TIME OF LATEST TRANSACTION
control field 20220114171711.0
008 - FIXED-LENGTH DATA ELEMENTS--GENERAL INFORMATION
fixed length control field 170328b xxu||||| |||| 00| 0 eng d
020 ## - INTERNATIONAL STANDARD BOOK NUMBER
International Standard Book Number 0138621861
050 ## - LIBRARY OF CONGRESS CALL NUMBER
Classification number HD62.4
Item number W586 1999
100 ## - MAIN ENTRY--PERSONAL NAME
Personal name Wild, John J.
Relator code author
245 ## - TITLE STATEMENT
Title International business:
Remainder of title an integrated approach
Statement of responsibility, etc. John J. Wild, Kenneth L. Wild, Jerry C.Y. Han
260 ## - PUBLICATION, DISTRIBUTION, ETC.
Place of publication, distribution, etc. N.J.:
Name of publisher, distributor, etc. Prentice Hall Publishing,
Date of publication, distribution, etc. 1999
300 ## - PHYSICAL DESCRIPTION
Extent xxvi, 573 pages;
Dimensions 26 cm.
504 ## - BIBLIOGRAPHY, ETC. NOTE
Bibliography, etc. note Includes bibliographical references and index.
700 ## - ADDED ENTRY--PERSONAL NAME
Relator code author
Personal name Wild, Kenneth L.
700 ## - ADDED ENTRY--PERSONAL NAME
Relator code author
Personal name Han, Jerry CY.
942 ## - ADDED ENTRY ELEMENTS (KOHA)
Koha item type Foreign Books
Source of classification or shelving scheme Library of Congress Classification
Holdings
Withdrawn status Source of classification or shelving scheme Damaged status Not for loan Collection code Home library Current library Shelving location Date acquired Total Checkouts Full call number Barcode Date last seen Price effective from Koha item type
  Library of Congress Classification     Non-fiction Binangonan College Library Binangonan College Library Foreign Section 06/07/2023   HD62.4 W586 1999 URSBIN-01016 05/02/2016 05/02/2016 Foreign Books

University of Rizal System
Email us at univlibservices@urs.edu.ph

Visit our Website www.urs.edu.ph/library